Normal view
MARC view
- كلية كولومبو للتعليم التقني سنقافورة إعداد حميد، أكرم جاسم مترجم
Entry Personal Name
001 - CONTROL NUMBER
- control field: 38661
003 - CONTROL NUMBER IDENTIFIER
- control field: JO-AjAnu
005 - DATE AND TIME OF LATEST TRANSACTION
- control field: 20230606080433.0
008 - FIXED-LENGTH DATA ELEMENTS
- fixed length control field: 230606|| aca||aabn | a|a d
040 ## - CATALOGING SOURCE
- Original cataloging agency: JO-AjAnu
- Transcribing agency: JO-AjAnu
100 ## - HEADING--PERSONAL NAME
- Personal name: كلية كولومبو للتعليم التقني سنقافورة إعداد حميد، أكرم جاسم مترجم
670 ## - SOURCE DATA FOUND
- Source citation: Work cat.: (JO-AjAnu)19829: كلية كولومبو للتعليم التقني سنقافورة إعداد حميد، أكرم جاسم مترجم, author, تصميم الأدوات الإختيارية لغرض تقويم الطلبة:تدريب المدرسين قبل الخدمة